| 000 | 00456pab a2200157 454500 | ||
|---|---|---|---|
| 008 | 180718b2015 xxu||||| |||| 00| 0 eng d | ||
| 100 | _aRam, Chetan | ||
| 245 | _aUrmul Jyoti Sansthan: developing rural India, the participatory way | ||
| 260 | _c2015 | ||
| 300 | _ap.231-236. | ||
| 362 | _aApr- Jun | ||
| 650 | _aUrmul Jyoti Sansthan | ||
| 650 | _aRural development | ||
| 773 | _aJournal of Development Management and Communication | ||
| 909 | _a108751 | ||
| 999 |
_c108746 _d108746 |
||